|
|
|
|
| LEADER |
00000nab a2200000uu 4500 |
| 001 |
vtls010876497 |
| 003 |
SK-MaSNL |
| 005 |
20260303163243.0 |
| 008 |
230303|1972 xo |||||||||||||||||eng| |
| 015 |
|
|
|a SNBRB
|
| 035 |
|
|
|a (urnnbn)urn:nbn:sk:snk:ar-006a7s
|
| 035 |
|
|
|a (uuid)36269b6d-1398-4c81-b151-0d1e5b06ed68
|
| 035 |
|
|
|a urn:nbn:sk:snk-ab7q4d
|
| 040 |
|
|
|a SNKBUCL
|b slo
|c SNKBUCL
|e AACR2
|
| 041 |
0 |
|
|a eng
|
| 044 |
|
|
|a xo
|c SK
|
| 100 |
1 |
|
|a Szabó, E.-RÉTHY
|4 aut
|9 1187407
|
| 245 |
1 |
0 |
|a Investigations on Acid Hydrolysis of Polyesters
|c E. Szabó-Réthy, I. Vancsó-Szmercsányi
|
| 700 |
1 |
|
|a Vancsó, I.-SZMERCSÁNYI
|4 aut
|9 1187408
|
| 773 |
0 |
|
|t Chemické zvesti
|g Roč. 26, č. 5 (1972), s. 390-396
|
| 958 |
|
|
|a OND
|
| 958 |
|
|
|a EUIPO
|
| 958 |
|
|
|a article8
|
| 999 |
|
|
|c 2059517
|d 2061447
|